| 000 | 00506pab a2200181 454500 | ||
|---|---|---|---|
| 008 | 180718b2017 xxu||||| |||| 00| 0 eng d | ||
| 100 | _aChong, Alberto | ||
| 245 | _aImpact of long run exposure to television on homicides: some evidence from Brazil | ||
| 260 | _c2017 | ||
| 300 | _ap.18-31. | ||
| 362 | _aJan | ||
| 650 | _aHomicide - Brazil | ||
| 650 | _aTelevision - Brazil | ||
| 650 | _aHomicide | ||
| 700 | _aYanez-Pagans, Monica | ||
| 773 | _aJournal of Development Studies | ||
| 909 | _a114891 | ||
| 999 |
_c114885 _d114885 |
||